Statistics for Countries Cairo has been in

Click here to take the quiz!

General Stats

  • This quiz has been taken 108 times
    (63 since last reset)
  • The average score is 6 of 9

Answer Stats

TimeCountry% Correct
1971 - PresentArab Republic of Egypt
96%
1922 - 1953Kingdom of Egypt
96%
1953 - 1958Republic of Egypt
96%
1517 - 1914Ottoman Empire
91%
1914 - 1922United Kingdom
89%
1958 - 1971United Arab Republic
71%
1260 - 1517Mamluk Sultanate
45%
973 - 1171Fatimid Caliphate
27%
1171 - 1260Ayyubid Sultanate
20%

Score Distribution

Percentile by Number Answered

Percent of People with Each Score

Your Score History

You have not taken this quiz since the last reset